Statistics for Doctor who monsters (Doctors #9 - #11

Click here to take the quiz!

General Stats

  • This quiz has been taken 532 times
  • The average score is 9 of 15

Answer Stats

Hint Answer % Correct
Battlecry of DELETE!Cybermen
97%
Don't Blink...Weeping Angels
96%
Described as 'Pepperpots on wheels'Daleks
94%
The Doctor is one of themTime Lords
94%
Farting, green beasts that can hide inside human skinsSlitheen
79%
Clones with potato heads who were bred for warSontarans
77%
Possessed by the beast with 'red-eye'Ood
68%
Shop dummies possessed by the Nestene ConciousnessAutons
54%
Huge, space-faring creature that carries Starship UK on it's backStar Whale
53%
Creatures from Mars that live inside their armourIce Warriors
52%
Clones that breathe through bubbles that were bred for warHath
35%
Sharp toothed humanoids whom mankind will turn into at the end of the universeFuturekind
30%
Flying creatures that appear to 'cleanse' a point in time when it has been changed dramaticallyReapers
29%
Fiery beasts that live in Mount VesuviusPyroviles
24%
Distant cousins of the above - only these are orangeBlathereen
20%

Score Distribution

Percentile by Number Answered

Percent of People with Each Score

Your Score History

You have not taken this quiz